[Event "Locri op 3rd"]
[Site "Locri"]
[Date "2015.07.18"]
[Round "8"]
[White "Strangio, Giuseppe"]
[Black "Femia, Diego"]
[Result "0-1"]
[WhiteElo "1468"]
[BlackElo "1365"]
[PlyCount "70"]
[EventDate "2015.07.13"]
[EventType "swiss"]
[EventRounds "9"]
[EventCountry "ITA"]
[SourceTitle "EXT 2024"]
[Source "ChessBase"]
[SourceDate "2023.10.10"]
[SourceVersion "1"]
[SourceVersionDate "2023.10.10"]
[SourceQuality "1"]

1. e4 e5 2. Nf3 d6 3. d4 exd4 4. Nxd4 Nf6 5. Nc3 c5 6. Nf3 Bg4 7. Be2 Nc6 8. 0-0 Be7 9. Be3 0-0 10. Qd2 Qc7 11. Rad1 a6 12. Ng5 Bxe2 13. Qxe2 Rfd8 14. Qc4 Ne5 15. Qb3 c4 16. Qb6 Qxb6 17. Bxb6 Rdc8 18. Rd2 Rc6 19. Ba5 Ne8 20. Nh3 Bd8 21. Bb4 f6 22. Rfd1 Nf7 23. Nf4 Kf8 24. Nfd5 Nc7 25. Ne3 Ke7 26. Nf5+ Kf8 27. Bxd6+ Nxd6 28. Nxd6 b5 29. Nf5 Ne6 30. Nd4 Nxd4 31. Rxd4 Be7 32. Rd7 Re8 33. Ra7 Bb4 34. f3 Bc5+ 35. Kf1 Bxa7 0-1